Attack Other Countries - Iraq - Sudden Death - Statistics

General Stats
  • This quiz has been taken 36 times
  • The average score is 6 of 15
Answers on the Grid
Answers color-coded by a green-red scale on the quiz's grid according to % correct below.
Bangladesh
Burkina Faso
Philippines
Georgia
Brazil
France
Afghanistan
Finland
Thailand
Colombia
Uganda
Yemen
Italy
Sudan
United Kingdom
Syria
United States
Cameroon
Australia
Libya
Peru
Czech Republic
Sweden
Bhutan
Madagascar
Turkey
South Korea
Namibia
Pakistan
Egypt
 
Answer Stats
Answer % Correct
Burkina Faso
67%
Bhutan
50%
Sudan
50%
Syria
50%
Uganda
50%
Yemen
50%
Afghanistan
33%
Cameroon
33%
Czech Republic
33%
Georgia
33%
Libya
33%
Madagascar
33%
Namibia
33%
Peru
33%
Finland
0%
No matching quizzes found
Score Distribution
Percent of People with Each Score
Percentile by Number Answered
Your Score History
You have not taken this quiz